Представление документа в формате RUSMARC

ПолеНазваниеЗначение
  Тип записи a
  Библиографический уровень m
001 Контрольный номер RU/CBS_UL/BASE/2eec9def33ec4276b5a2c8b4ae974ce7
005 Дата корректировки 20260406132614.2
010 Индекс ISBN __
a ISBN 978-5-9567-2709-6
b Уточнения в пер.
d Цена 7 р. 00 к.
9 Тираж 30 000 экз.
100 Данные общей обработки __
a Данные общей обработки 20260406d 0rusy0189## ca
101 Язык документа 0_
a Язык текста rus
102 Страна публикации __
a Страна публикации RU
200 Заглавие и сведения об ответственности 1_
a Заглавие Изобретения и открытия
f Первые сведения об ответственности Т. В. Скиба
e Сведения, относящиеся к заглавию детская энциклопедия
210 Выходные данные 1_
a Место издания Ростов-на-Дону
c Издательство Владис
d Дата издания 2020
215 Физическое описание __
a Объем 127 с.
c Иллюстрации/тип воспроизводства ил.
d Формат 26,5 см.
225 Серия 2_
a Серия Детская энциклопедия
300 Общие примечания __
a Общие примечания 12+
606 Тематические рубрики 0_
a Основная рубрика Изобретения и открытия - Энциклопедии
610 Ключевые слова 0_
a Ключевые слова изобретения; открытия; наука; история изобретений; технические изобретения; эволюция изобретений
686 Индексы других классификаций __
2 Код системы rubbk
a Классификационный индекс 30я2
700 Автор _1
a Фамилия Скиба
b Имя (инициалы) Т. В.
g Полное личное имя Тамара Викторовна
801 Источник записи _0
a Страна RU
b Организация МБУК ЦБС г. Ульяновска
c Дата составления 20260406
g Правила каталогизации RCR
801 Источник записи _1
a Страна RU
b Организация МБУК ЦБС г. Ульяновска
c Дата составления 20260406
g Правила каталогизации RCR
852 Данные о местонахождении __
i Авторский знак С 42
j Шифр хранения 30
900 Электронные ресурсы __
a Имя электронного ресурса изобр и откр энц
901 Тип документа __
t Тип документа m
909 Создатель записи __
a Создатель записи obr6
b Дата создания записи 20260406